Sports Quiz

Random Sports or Hockey Quiz

Hockey positions Quiz Stats

 Plays Quiz not verified by Sporcle

Score 0/11 Timer 10:00
0 Plays Today
% Correct
Left wing
92%
Right wing
89.8%
Goalkeeper
30.7%
Centre back
9.1%
Centre back
9.1%
Centre forward
5.7%
Centre half
5.7%
Right half
4.5%
Left half
4.5%
Left inner
4.5%
Right inner
4.5%

You're not logged in!

Compare scores with friends on all Sporcle quizzes.
OR
Log In

Show Comments

Extras

Created Feb 15, 2012ReportNominate
Tags:Hockey Quiz

Top Quizzes Today


Score Distribution

Your Account Isn't Verified!

In order to create a playlist on Sporcle, you need to verify the email address you used during registration. Go to your Sporcle Settings to finish the process.

Report this User

Report this user for behavior that violates our Community Guidelines.

Details: